000 00525nam a2200193Ia 4500
005 20250808125748.0
008 008 250516s9999 xx 000 0 hin d
020 _a9788126730827
040 _beng
_cSDCL
041 _ahin
_2hin
084 _aO152,3N55x Q8
100 _aSulabh, Hrishikesh
245 0 _aPratinidhi Kahaniyan
246 _aप्रतिनिधि कहानियां
260 _aNew delhi:
_bRajkamal Prakashan,
_c2018.
300 _a159p.
650 _aHindi
942 _cTEXL
_2CC
999 _c1430289
_d1430289